[Event "Eurasia Cup op"]
[Site "Ekaterinburg"]
[Date "2019.08.08"]
[Round "9"]
[White "Ilina, Kristina"]
[Black "Mukhina, Jana"]
[Result "0-1"]
[WhiteElo "1506"]
[BlackElo "2090"]
[PlyCount "82"]
[EventDate "2019.07.31"]
[EventType "swiss"]
[EventRounds "9"]
[EventCountry "RUS"]
[SourceTitle "EXT 2020"]
[Source "ChessBase"]
[SourceDate "2019.10.17"]
[SourceVersion "1"]
[SourceVersionDate "2019.10.17"]
[SourceQuality "1"]

1. Nf3 Nf6 2. g3 g6 3. Bg2 Bg7 4. d4 0-0 5. c3 d6 6. 0-0 Nc6 7. Nbd2 e5 8. Qc2 Qe7 9. e4 Bg4 10. d5 Nb8 11. h3 Bc8 12. Ne1 Nh5 13. g4 Nf4 14. Ndf3 Nxg2 15. Nxg2 f5 16. Nh2 Na6 17. b4 c6 18. Bd2 fxe4 19. Qxe4 cxd5 20. Qxd5+ Be6 21. Qe4 d5 22. Qe1 d4 23. cxd4 Bc4 24. dxe5 Bxf1 25. Nxf1 Qxe5 26. Qxe5 Bxe5 27. Re1 Bd4 28. Nfe3 Nc7 29. Rf1 Bxe3 30. Nxe3 Rad8 31. Bc3 Nd5 32. Nxd5 Rxd5 33. Re1 Rd3 34. Ba1 Rd2 35. g5 Rfxf2 36. Bf6 Rg2+ 37. Kh1 Rh2+ 38. Kg1 Rdg2+ 39. Kf1 Rxa2 40. Bd4 Rh1+ 41. Bg1 Rxh3 0-1

[Event "Eurasia Cup op"]
[Site "Ekaterinburg"]
[Date "2019.08.07"]
[Round "7"]
[White "Ilina, Kristina"]
[Black "Sargsyan, Alina"]
[Result "1-0"]
[WhiteElo "1506"]
[BlackElo "1298"]
[PlyCount "96"]
[EventDate "2019.07.31"]
[EventType "swiss"]
[EventRounds "9"]
[EventCountry "RUS"]
[SourceTitle "CBM 191 Extra"]
[Source "ChessBase"]
[SourceDate "2019.09.30"]
[SourceVersion "1"]
[SourceVersionDate "2019.09.30"]
[SourceQuality "1"]

1. Nf3 d5 2. d4 Nf6 3. Bf4 Bg4 4. Nbd2 e6 5. h3 Bxf3 6. Nxf3 c5 7. e3 Nc6 8. c3 cxd4 9. exd4 Be7 10. Bb5 Qb6 11. Qb3 0-0 12. Bd3 Qxb3 13. axb3 a6 14. 0-0 Rac8 15. Rfc1 Rfd8 16. b4 h6 17. b5 axb5 18. Bxb5 Ra8 19. Nd2 Rdc8 20. f3 Nh5 21. Be3 Bd6 22. Nb3 Ne7 23. Rxa8 Rxa8 24. Ra1 Rxa1+ 25. Nxa1 Nf4 26. Nb3 Nf5 27. Bf2 Kf8 28. Na5 b6 29. Nc6 Ne7 30. Ne5 Kg8 31. b3 Bc7 32. Kf1 Nfg6 33. Nxg6 Nxg6 34. g3 Kf8 35. c4 dxc4 36. bxc4 Ke7 37. f4 Nf8 38. Ke2 Nd7 39. Kd3 f6 40. c5 bxc5 41. dxc5 e5 42. c6 Nb8 43. Bc5+ Kd8 44. Ke4 exf4 45. gxf4 Ke8 46. f5 Kf7 47. Bc4+ Ke8 48. Bb5 Kf7 1-0

[Event "Eurasia Cup op"]
[Site "Ekaterinburg"]
[Date "2019.08.05"]
[Round "5"]
[White "Ilina, Kristina"]
[Black "Yumshanov, Leonid"]
[Result "0-1"]
[WhiteElo "1506"]
[BlackElo "1864"]
[PlyCount "105"]
[EventDate "2019.07.31"]
[EventType "swiss"]
[EventRounds "9"]
[EventCountry "RUS"]
[SourceTitle "CBM 191 Extra"]
[Source "ChessBase"]
[SourceDate "2019.09.30"]
[SourceVersion "1"]
[SourceVersionDate "2019.09.30"]
[SourceQuality "1"]

1. e4 d6 2. d4 Nf6 3. Nc3 g6 4. Nf3 Bg7 5. Be3 0-0 6. Be2 Nbd7 7. 0-0 c6 8. h3 e5 9. dxe5 dxe5 10. Qd3 Qc7 11. Rad1 Re8 12. Qd6 Qxd6 13. Rxd6 Bf8 14. Rdd1 Nc5 15. Nd2 Be6 16. f3 Nh5 17. Kh2 Nf4 18. Bxf4 exf4 19. b3 Bg7 20. Ncb1 b5 21. Rfe1 Rad8 22. Nf1 Kf8 23. Rxd8 Rxd8 24. Rd1 Rxd1 25. Bxd1 Ke7 26. Nbd2 a5 27. Be2 Kd6 28. Nb1 Bd7 29. Nbd2 Ne6 30. c3 Nc5 31. Kg1 f5 32. Kf2 fxe4 33. Nxe4+ Nxe4+ 34. fxe4 c5 35. Kf3 g5 36. Bd3 Ke5 37. a3 h5 38. Nd2 g4+ 39. hxg4 hxg4+ 40. Kf2 Bf6 41. g3 Bg5 42. Kf1 Bc6 43. Kg2 fxg3 44. Kxg3 Bf4+ 45. Kg2 Bh2 46. Kxh2 Kf4 47. e5 g3+ 48. Kg1 Kxe5 49. c4 b4 50. axb4 axb4 51. Be2 Kd4 52. Bd1 Kd3 53. Kf1 0-1

[Event "Eurasia Cup op"]
[Site "Ekaterinburg"]
[Date "2019.08.03"]
[Round "4"]
[White "Shkalev, Anton"]
[Black "Ilina, Kristina"]
[Result "1/2-1/2"]
[WhiteElo "1689"]
[BlackElo "1506"]
[PlyCount "45"]
[EventDate "2019.07.31"]
[EventType "swiss"]
[EventRounds "9"]
[EventCountry "RUS"]
[SourceTitle "CBM 191 Extra"]
[Source "ChessBase"]
[SourceDate "2019.09.30"]
[SourceVersion "1"]
[SourceVersionDate "2019.09.30"]
[SourceQuality "1"]

1. d4 Nf6 2. Bf4 e6 3. e3 c5 4. c3 Nc6 5. Bd3 d5 6. Nf3 c4 7. Be2 Ne7 8. Nbd2 Ng6 9. Bg3 Be7 10. Qc2 0-0 11. 0-0 Bd6 12. e4 Ne8 13. e5 Bc7 14. b3 cxb3 15. axb3 a6 16. c4 b6 17. Bd3 Bb7 18. h4 Nxh4 19. Bxh7+ Kh8 20. Bd3 Nxf3+ 21. Nxf3 dxc4 22. bxc4 Bxf3 23. gxf3 1/2-1/2